00999nam a2200265 a 450000100100000000500170001000800410002702000150006804000250008310000310010824000310013924501010017024600320027126000340030330000210033749000230035850500680038156300640044970000330051374000130054674000220055983000300058195201050061199900170071600004404620201002045119.0140514s1998 sp 000 0 spa d a8433923722 aDO-SdBNPbspacBNPHU1 aShepard, Samd1943-97202810aStates of shocklespañol10aEstados de shock :bAl norte, Lengua silenciosa /cSam Shepard ; traducción de José Aguirre.13aAl norte, Lengua silenciosa aBarcelona :bAnagrama,c1998. a197 p. ;c20 cm.1 aContraseñasv1720 rSam Shepard --tEstados de shock /tAl nortetLengua silenciosa aTres obras encuadernadas juntas con paginación continúa12aAguirre, José,etr.9720294 aAl norte4 aLengua silenciosa 0aContraseñasv172921710 001050718MOaGRbGRcCTd2014-05-14iLF1l0o p44046-10r2020-06-25w2020-06-25y1ZNo se presta c43535d43535